| 000 | 00707nam a2200181 a 4500 | ||
|---|---|---|---|
| 001 | 000029840 | ||
| 005 | 20200930055840.0 | ||
| 008 | 110426s2000 dr 000 0 spa d | ||
| 040 |
_aDO-SdBNP _bspa _cBNPHU |
||
| 082 |
_axxx _bC748s |
||
| 111 | 2 |
_aSeminario internacional sobre lavado de dinero y narcotrafico _n(2. : _d1999 oct. 29-30-31 : _cSanto Domingo) _956594 |
|
| 245 | 1 | 0 |
_aConferencia sobre la incidencias de las sociedades en el lavado de dinero en las transacciones en la República Dominicana / _cRafael Wilamo Ortiz. |
| 260 |
_aSanto Domingo : _bLa Filantrópica, _c2000. |
||
| 300 |
_a22 p. ; _c22 cm. |
||
| 504 | _aBibliografía p. 22 | ||
| 700 | 1 |
_aWilamo Ortiz, Rafael _956595 |
|
| 049 | _aBNPD | ||
| 999 |
_c29332 _d29332 |
||